=LDR 00000nam 2200000 4500 =001 INLIS000000000031351 =005 20130612133429 =008 ***********************************ind** =035 ##$$0010-061300000031351 =041 ##$$a ind =082 ##$$a 641. 3 =090 ##$$a 641. 3 , Hoe s =100 ##$$a Hoesni,Albertin =245 ##$$a 100 Rsep sajian favorit ala resto untuk jamuan baya metropolitan, Albertin Hoeshni; editor, Intarina Hardiman =260 ##$$a 2009 $b Jakarta =300 ##$$a 110 hlm. , ilus. , 21 cm =650 ##$$a Makanan =650 ##$$a Resep =700 ##$$a Hardiman,Intarina =850 ##$$a NBPNMAT